00514nam a2200193Ia 4500003000400000005001700004008004100021020002200062040000700084041000800091082002200099100003000121245006700151250000700218260004400225300002300269365001300292650001500305OSt20230613144317.0210423s2018 xx 000 0 und d a978-93-83866-49-6 cAL aeng a657.46 223bMEHD aMEHROTRA (H C);GOYAL (SP) aDirect tax including tax planning and management 2018-19 Ed 39 a39 aAgrabSahitya Bhawan Publicationsc2018 avi,869,157,xvibPB b750cINR aIncome Tax